LEADER 01109nam0-2200289---450 001 9910647897703321 005 20230310121537.0 100 $a20230309d1870----km-y0itay50------ba 101 1 $afre$ceng 102 $aFR 105 $aa-------001yy 200 1 $aDe la fécondation des orchidées par les insectes et des bons résultats du croisement$fpar Charles Darwin$gtraduit de l'anglais par L. Rérolle 210 $aParis$cC. Reinwald$d1870 215 $aIII, 352 p.$cill.$d24 cm 610 0 $aOrchidee 610 0 $aImpollinazione 676 $a571.8642$v21$zita 700 1$aDarwin,$bCharles$f<1809-1882>$046083 702 1$aRérolle,$bLouis 801 0$aIT$bUNINA$gREICAT$2UNIMARC 856 4 $zVisualizza la versione elettronica in SBNWeb$uhttps://books.google.it/books?id=wedgRJcmmUYC&printsec=frontcover&hl=it&source=gbs_ge_summary_r&cad=0#v=onepage&q&f=false$e20230309 901 $aBK 912 $a9910647897703321 952 $aP II 5$b4390$fDBV 959 $aDBV 996 $aDe la fécondation des orchidées par les insectes et des bons résultats du croisement$91783122 997 $aUNINA LEADER 01303nam 2200433 450 001 9910828560503321 005 20191120103307.0 010 $a2-8047-0345-2 035 $a(CKB)3710000001019127 035 $a(Au-PeEL)EBL5693327 035 $a(CaPaEBR)ebr11655136 035 $a(OCoLC)968926364 035 $a(MiAaPQ)EBC5693327 035 $a(PPN)23840871X 035 $a(EXLCZ)993710000001019127 100 $a20191120d2016 uy 0 101 0 $afre 135 $aurcnu|||||||| 181 $ctxt$2rdacontent 182 $cc$2rdamedia 183 $acr$2rdacarrier 200 10$a60 questions e?tonnantes sur l'amour $eet les re?ponses qu'y apporte la science /$fMarc Olano ; illustrations Julie Bernard 210 1$aBruxelles, Belgique :$cMardaga,$d[2016] 210 4$d©2016 215 $a1 online resource (141 pages) $cillustrations 225 0 $aIn psycho veritas 311 $a2-8047-0320-7 606 $aLove$xPsychological aspects 615 0$aLove$xPsychological aspects. 676 $a152.41 700 $aOlano$b Marc$0883621 702 $aBernard$b Julie$f1990- 801 0$bMiAaPQ 801 1$bMiAaPQ 801 2$bMiAaPQ 906 $aBOOK 912 $a9910828560503321 996 $a60 questions e?tonnantes sur l'amour$94117302 997 $aUNINA